Going online - how to do it in the right way (Record no. 73921)

MARC details
000 -LEADER
fixed length control field 01018cam a2200205 4500
001 - CONTROL NUMBER
control field ABS67299
008 - FIXED-LENGTH DATA ELEMENTS--GENERAL INFORMATION
fixed length control field 031203n2003 000 0 eng u
035 ## - SYSTEM CONTROL NUMBER
System control number (Sirsi) u124559
245 ## - TITLE STATEMENT
Title Going online - how to do it in the right way
260 ## - PUBLICATION, DISTRIBUTION, ETC.
Date of publication, distribution, etc. 2003
490 ## - SERIES STATEMENT
Series statement Antiques Trade Gazette
Volume/sequential designation (1614) 15 November 2003, 37-38(2)
520 ## - SUMMARY, ETC.
Summary, etc. Review of six software packages suitable for managing collections of works of art. The article states that the packages are compatable with Objects ID protocols and are web-enabled so that they can be linked up with websites. Includes projects checklist for Objets d'Art Manager, Collectify My Stuff, EmbARK Collections Manager, Artsystems' Gallery Pro (for dealers), Artsystems' Collections (for indvidual collectors), Artbase and Gallery Express.
590 ## - LOCAL NOTE (RLIN)
Local note ABS
650 ## - SUBJECT ADDED ENTRY--TOPICAL TERM
Topical term or geographic name entry element SOFTWARE PACKAGES
650 ## - SUBJECT ADDED ENTRY--TOPICAL TERM
Topical term or geographic name entry element FINE ART
650 ## - SUBJECT ADDED ENTRY--TOPICAL TERM
Topical term or geographic name entry element WORKS OF ART
650 ## - SUBJECT ADDED ENTRY--TOPICAL TERM
Topical term or geographic name entry element MANAGEMENT-BUSINESS MANAGEMENT-INFORMATION MANAGEMENT
690 ## - LOCAL SUBJECT ADDED ENTRY--TOPICAL TERM (OCLC, RLIN)
Topical term or geographic name as entry element Arts and antiques
9 (RLIN) 6217
942 ## - ADDED ENTRY ELEMENTS (KOHA)
Suppress in OPAC 0
Holdings
Withdrawn status Lost status Source of classification or shelving scheme Damaged status Not for loan Home library Current library Shelving location Date acquired Total Checkouts Full call number Barcode Date last seen Copy number Price effective from Koha item type
    Dewey Decimal Classification     London London Journal article 03/12/2003   ABS67299 124559-1001 06/08/2019 1 06/08/2019 Journal article